00649nam a22001697a 4500008004100000040005500041080001200096245008700108260006300195300001100258490001900269650001600288653001500304942001200319999001700331952013100348230529b |||||||| |||| 00| 0 eng d aNational Science LibrarycNational Science Library a574bN4 aEco-Fragile aravallis of Rajasthan Haryana and Delhi: bProblems and perspectives  aNew Delhi: bAgricultural finance corporation Ltd., c1994 a249p.  aStatus report  aGeography  aAravallis  2udccBK c35959d35959 00102udc406574_N470954779aNSLbNSLcGF/Rk-10/C-7/R-4d1997-04-04l0o574 N4p177067r2023-05-29 00:00:00w1997-04-04yBK